| 000 | 00554nam a22001457a 4500 | ||
|---|---|---|---|
| 999 |
_c134168 _d134168 |
||
| 005 | 20240524115636.0 | ||
| 008 | 240524b ||||| |||| 00| 0 eng d | ||
| 040 | _cPK-LaUMT | ||
| 082 |
_aAPC 297.4092 _bHUS-N |
||
| 100 | _aHussain Azad, Muhammad = حسین آزاد، محمد | ||
| 245 |
_aNigharistan Faris = نگارستان فارس یعنی مشاہیر شعرائے فارسی کے سوانح عمری / _cby Muhammad Hussain Azad = محمد حسین آزاد |
||
| 260 |
_aLahore : _bMaqbool Academy, _c1988 |
||
| 300 | _a236 p. | ||
| 942 | _cBK | ||